00679 2200241 4500001002100000005001700021008004100038020002200079035002500101040001200126082001000138084002000148100002500168245008100193250001100274260003000285300003100315500003100346650001800377700000900395850001200404990002100416INLIS00000000002014520160519142521.0  a978-602-279-212-3 a0010-051600000000579 aYOPDYOG a641.5 aDEP 641.5 Bud R aBUDI PRAYITNA, 1975- aRahasia resep sehat dari Jepang dan Tiongkokc/ Budi Prayitno ; editor, Hira aCet. 1 aYogyakartabLaksanac2016 a216 hlm.b: ilus.c; 20 cm aBibliografi : hlm. 209-214 aResep Masakan aHira aYOPDYOG aCB-D.11/2016-231